| 000 | 00521nam a2200205Ia 4500 | ||
|---|---|---|---|
| 003 | OSt | ||
| 005 | 20230531100613.0 | ||
| 008 | 210423s2002 xx 000 0 und d | ||
| 040 | _cAL | ||
| 041 | _aeng | ||
| 082 |
_a155.2 BART _223 |
||
| 100 |
_aBARRETT (Jim) _9117558 |
||
| 245 | _aTest yourself | ||
| 260 |
_aNew Delhi _bKogan Page Ltd _c2002 |
||
| 365 |
_b195 _cINR |
||
| 650 |
_aDifferential & Developmental Psychology _9117559 |
||
| 650 |
_aPsychology _9117560 |
||
| 906 | _aTest ; yourself | ||
| 942 |
_2ddc _cBK |
||
| 999 |
_c173670 _d173670 |
||